Fuentes para la biografía del bachiller José Manuel Correa, cura independentista de Nopala (Record no. 9708)

MARC details
000 -CABECERA
campo de control de longitud fija 00971nam a2200253 a 4500
001 - NÚMERO DE CONTROL
campo de control BRL_896
005 - FECHA Y HORA DE LA ÚLTIMA TRANSACCIÓN
campo de control 20190320210938.0
008 - DATOS DE LONGITUD FIJA--INFORMACIÓN GENERAL
campo de control de longitud fija 231013s1996----mx-#######---#000-0#spa-#
020 ## - NÚMERO INTERNACIONAL ESTÁNDAR DEL LIBRO
Número Internacional Estándar del Libro 9686806717
041 ## - CÓDIGO DE LENGUA
Código de lengua del texto/banda sonora o título independiente spa
044 ## - CÓDIGO DEL PAÍS DE LA ENTIDAD EDITORA/PRODUCTORA
Código MARC del país mx
050 #4 - SIGNATURA TOPOGRÁFICA DE LA BIBLIOTECA DEL CONGRESO
Número de clasificación F1232.C8
Número de documento/Ítem .F84 1996
245 10 - MENCIÓN DE TÍTULO
Título Fuentes para la biografía del bachiller José Manuel Correa, cura independentista de Nopala
Mención de responsabilidad, etc. Antonio Cadena Guerrero, compilador.
260 ## - PUBLICACIÓN, DISTRIBUCIÓN, ETC.
Lugar de publicación, distribución, etc. Pachuca
Nombre del editor, distribuidor, etc. Gobierno del Estado de Hidalgo, Sistema de Educación Pública de Hidalgo, Consejo Estatal para la Cultura y las Artes : H. Ayuntamiento de Nopala, Casa de la Cultura de Nopala
Fecha de publicación, distribución, etc. 1996
300 ## - DESCRIPCIÓN FÍSICA
Extensión 163 p.
Dimensiones 21 cm.
440 #0 - MENCIÓN DE SERIE/PUNTO DE ACCESO ADICIONAL--TÍTULO
Título Colección Origenes
9 (RLIN) 25257
500 ## - NOTA GENERAL
Nota general Au1019
504 ## - NOTA DE BIBLIOGRAFÍA, ETC.
Nota de bibliografía, etc. Bibliografía: p. [165-167]
600 14 - PUNTO DE ACCESO ADICIONAL DE MATERIA--NOMBRE DE PERSONA
Nombre de persona Correa, José Manuel
Fechas asociadas al nombre -1831
9 (RLIN) 25258
651 #4 - PUNTO DE ACCESO ADICIONAL DE MATERIA--NOMBRE GEOGRÁFICO
Nombre geográfico México
Subdivisión general Historia
Subdivisión cronológica Guerra de Independencia 1810-1821
9 (RLIN) 25259
700 1# - PUNTO DE ACCESO ADICIONAL--NOMBRE DE PERSONA
Nombre de persona Cadena Guerrero, Antonio
9 (RLIN) 25260
902 ## - CATALOGADOR
Iniciales GRL
942 ## - ELEMENTOS DE PUNTO DE ACCESO ADICIONAL (KOHA)
Fuente del sistema de clasificación o colocación Library of Congress Classification
Tipo de ítem Koha Libros
Holdings
Estado de retiro Estado de pérdida Estado dañado No para préstamo Localización permanente Ubicación/localización actual Fecha de adquisición Número de inventario Total de préstamos Signatura topográfica completa Código de barras Fecha visto por última vez Precio válido a partir de Tipo de ítem Koha
El ejemplar forma parte de la colección y puede ser consultado según las políticas vigentes.       Biblioteca Centro de Estudios Ruth D. Lechuga Biblioteca Centro de Estudios Ruth D. Lechuga 23/10/2013 Au1019   F1232.C8 .F84 1996 (Au1019) GRL00967 22/03/2019 22/03/2019 Libros